Production of male telapia seed; ការផលិតកូនត្រីទីឡាព្យាឈ្មោល. (Record no. 3955)
[ view plain ]
| 000 -LEADER | |
|---|---|
| fixed length control field | 00503nam a22001577a 4500 |
| 003 - CONTROL NUMBER IDENTIFIER | |
| control field | OSt |
| 005 - DATE AND TIME OF LATEST TRANSACTION | |
| control field | 20151203161618.0 |
| 008 - FIXED-LENGTH DATA ELEMENTS--GENERAL INFORMATION | |
| fixed length control field | 151203b xxu||||| |||| 00| 0 eng d |
| 040 ## - CATALOGING SOURCE | |
| Transcribing agency | RUA |
| 082 ## - DEWEY DECIMAL CLASSIFICATION NUMBER | |
| Classification number | FIS NAM 2008 B179 Or.1 |
| 100 ## - MAIN ENTRY--PERSONAL NAME | |
| 9 (RLIN) | 4239 |
| Personal name | NAM SAMPEOU; ណុំ សំពៅ |
| 245 ## - TITLE STATEMENT | |
| Title | Production of male telapia seed; ការផលិតកូនត្រីទីឡាព្យាឈ្មោល. |
| 260 ## - PUBLICATION, DISTRIBUTION, ETC. (IMPRINT) | |
| Place of publication, distribution, etc. | Phnom Penh |
| Name of publisher, distributor, etc. | RUA |
| Date of publication, distribution, etc. | 2008 |
| 300 ## - PHYSICAL DESCRIPTION | |
| Extent | x; 39p. |
| Other physical details | ill. |
| Dimensions | 29cm. |
| 942 ## - ADDED ENTRY ELEMENTS (KOHA) | |
| Source of classification or shelving scheme | |
| Koha item type | FIS |
| Price effective from | Date last seen | Permanent Location | Not for loan | Date acquired | Source of classification or shelving scheme | Koha item type | Lost status | Withdrawn status | Date last checked out | Total Checkouts | Shelving location | Damaged status | Barcode | Current Location | Full call number |
|---|---|---|---|---|---|---|---|---|---|---|---|---|---|---|---|
| 2015-12-03 | 2023-12-12 | Library Block B | 2015-12-03 | FIS | 2023-12-06 | 1 | B179 | RUA027074 | Library Block B | FIS NAM 2008 B179 Or.1 | |||||
| 2015-12-03 | 2015-12-03 | Library Block B | 2015-12-03 | FIS | B179 | RUA027364 | Library Block B | FIS NAM 2008 B179 Or.2 | |||||||
| 2015-12-03 | 2015-12-03 | Library Block B | 2015-12-03 | FIS | B179 | RUA019845 | Library Block B | FIS NAM 2008 B179 Or.3 | |||||||
| 2015-12-03 | 2024-01-08 | Library Block B | 2015-12-03 | FIS | 2023-12-29 | 1 | B179 | RUA019698 | Library Block B | FIS NAM 2008 B179 Or.4 | |||||
| 2015-12-03 | 2015-12-03 | Library Block B | 2015-12-03 | FIS | B179 | RUA011083 | Library Block B | FIS NAM 2008 B179 Or.5 | |||||||
| 2015-12-03 | 2015-12-03 | Library Block B | 2015-12-03 | FIS | B179 | RUA011227 | Library Block B | FIS NAM 2008 B179 Or.6 | |||||||
| 2015-12-03 | 2015-12-03 | Library Block B | 2015-12-03 | FIS | B179 | RUA011084 | Library Block B | FIS NAM 2008 B179 Or.7 | |||||||
| 2015-12-03 | 2026-04-28 | Library Block B | 2015-12-03 | FIS | 2026-03-16 | 5 | B179 | RUA019717 | Library Block B | FIS NAM 2008 B179 Or.8 | |||||
| 2015-12-03 | 2015-12-03 | Library Block B | 2015-12-03 | FIS | B179 | RUA019789 | Library Block B | FIS NAM 2008 B179 Or.9 |